[Event "I Torneo de Ajedrez La Salle"]
[Site "Zaragoza ESP"]
[Date "2005.11.25"]
[Round "7.9"]
[White "Laliena Solares, Luis"]
[Black "Moser, Philippe"]
[Result "1-0"]
[WhiteElo "2149"]
[BlackElo "2011"]
[PlyCount "47"]
[EventDate "2005.10.08"]
[EventType "swiss"]
[EventRounds "9"]
[EventCountry "ESP"]
[Source "lmi"]
[SourceDate "2005.12.17"]

1. c4 g6 2. g3 Bg7 3. Bg2 Nf6 4. Nc3 d6 5. e4 O-O 6. Nge2 e5 7. O-O Nc6 8. d3
Be6 9. Nd5 Ne7 10. Bg5 Nexd5 11. cxd5 Bd7 12. Qd2 c6 13. Kh1 Qb6 14. Nc3 Rac8
15. Rab1 Rfe8 16. h3 Nh5 17. g4 Nf6 18. f4 h6 19. Bh4 exf4 20. Bxf6 Bxf6 21.
Qxf4 Bxc3 22. Qxf7+ Kh8 23. bxc3 Qd8 24. Rxb7 1-0

[Event "I Torneo de Ajedrez La Salle"]
[Site "Zaragoza ESP"]
[Date "2005.12.02"]
[Round "8.1"]
[White "Gomez Anadon, Daniel"]
[Black "Roche Simon, Manuel A"]
[Result "1-0"]
[WhiteElo "2288"]
[BlackElo "2206"]
[PlyCount "95"]
[EventDate "2005.10.08"]
[EventType "swiss"]
[EventRounds "9"]
[EventCountry "ESP"]
[Source "lmi"]
[SourceDate "2005.12.17"]

1. e4 e6 2. d4 d5 3. Nc3 Nf6 4. e5 Nfd7 5. f4 c5 6. Nf3 Nc6 7. Be3 a6 8. Qd2 b5
9. dxc5 Bxc5 10. O-O-O Qa5 11. Kb1 b4 12. Ne2 Bxe3 13. Qxe3 Nc5 14. Ned4 Nxd4
15. Nxd4 Bd7 16. Bd3 Nxd3 17. Rxd3 Rc8 18. f5 Qc7 19. g4 g6 20. Rd2 Qc5 21. Rf1
gxf5 22. gxf5 exf5 23. Qh6 Qe7 24. Qg7 Rf8 25. Qxh7 Kd8 26. Qh6 Re8 27. Qb6+
Rc7 28. Nf3 Be6 29. Qxa6 Qc5 30. Nd4 Qc4 31. Qxc4 Rxc4 32. b3 Rc3 33. Nxf5 Bxf5
34. Rxf5 Ke7 35. Rf4 Rb8 36. Rxd5 Ke6 37. Ra5 Rbc8 38. Rf6+ Ke7 39. Ra7+ R8c7
40. Rxc7+ Rxc7 41. Rb6 Rc5 42. Rxb4 Rxe5 43. Kc1 f5 44. Kd2 Kf6 45. a4 Kg5 46.
h4+ Kh5 47. Rb5 Rxb5 48. axb5 1-0

[Event "I Torneo de Ajedrez La Salle"]
[Site "Zaragoza ESP"]
[Date "2005.12.02"]
[Round "8.2"]
[White "Hernando Garcia, Antonio"]
[Black "Lana Rodriguez, David"]
[Result "0-1"]
[WhiteElo "2137"]
[BlackElo "2037"]
[PlyCount "146"]
[EventDate "2005.10.08"]
[EventType "swiss"]
[EventRounds "9"]
[EventCountry "ESP"]
[Source "lmi"]
[SourceDate "2005.12.17"]

1. Nf3 g6 2. c4 Bg7 3. g3 d6 4. Bg2 e5 5. Nc3 Nc6 6. Rb1 Bf5 7. d3 Qd7 8. b4
Bh3 9. O-O Bxg2 10. Kxg2 Nge7 11. b5 Nd8 12. Nd5 Ne6 13. Nxe7 Qxe7 14. a4 O-O
15. Nd2 f5 16. f3 Qg5 17. Ne4 Qh5 18. Nf2 g5 19. e4 f4 20. g4 Qf7 21. Ba3 Bf6
22. a5 Be7 23. Rh1 Kg7 24. Bb2 Bf6 25. Qd2 Rh8 26. Rbg1 h6 27. Nd1 Rh7 28. Nc3
Rah8 29. Nd5 h5 30. h3 hxg4 31. hxg4 c6 32. bxc6 bxc6 33. Rxh7+ Rxh7 34. Nb4 c5
35. Nd5 Qg6 36. Rh1 Rxh1 37. Kxh1 Bd8 38. Bc3 Qh6+ 39. Kg2 Qh4 40. Qf2 Qxf2+
41. Kxf2 Kf7 42. a6 Ke8 43. Ke2 Kd7 44. Kd2 Kc6 45. Kc2 Nf8 46. Kd1 Nd7 47. Kc2
Nb8 48. Kb3 Nxa6 49. Ka4 Nb8 50. Ba5 Bb6 51. Bxb6 axb6 52. Nf6 Na6 53. Kb3 Nc7
54. Nh7 Ne6 55. Kc3 b5 56. cxb5+ Kxb5 57. Kd2 Kb4 58. Nf6 Nd4 59. Ne8 Nxf3+ 60.
Ke2 Nd4+ 61. Kd2 Nb5 62. Nf6 Nc7 63. Nh7 Ne6 64. Nf6 c4 65. dxc4 Kxc4 66. Ke2
Kc5 67. Kd3 Kc6 68. Ke2 Kc7 69. Kf3 Kd8 70. Ke2 Nf8 71. Kf3 Ke7 72. Nd5+ Kf7
73. Ke2 Nd7 0-1

[Event "I Torneo de Ajedrez La Salle"]
[Site "Zaragoza ESP"]
[Date "2005.12.02"]
[Round "8.3"]
[White "Ramiro Ovejero, Juan Luis"]
[Black "Laliena Solares, Luis"]
[Result "1-0"]
[WhiteElo "2332"]
[BlackElo "2149"]
[PlyCount "77"]
[EventDate "2005.10.08"]
[EventType "swiss"]
[EventRounds "9"]
[EventCountry "ESP"]
[Source "lmi"]
[SourceDate "2005.12.17"]

1. e4 c6 2. d4 d5 3. Nd2 dxe4 4. Nxe4 Nf6 5. Nxf6+ gxf6 6. Ne2 Bf5 7. Ng3 Bg6
8. h4 h5 9. Be2 e6 10. c3 Qa5 11. a4 Nd7 12. b4 Qc7 13. a5 Bd6 14. Nxh5 O-O-O
15. a6 b6 16. Be3 e5 17. Kf1 f5 18. Bg5 Bxh5 19. Bxh5 f6 20. Bd2 exd4 21. cxd4
Bf4 22. Bxf4 Qxf4 23. Qf3 Qxf3 24. Bxf3 Nb8 25. d5 cxd5 26. b5 Rd6 27. Rd1 d4
28. Rc1+ Kd7 29. g3 Ke6 30. Kg2 Nd7 31. Rc7 Ne5 32. Rxa7 Nxf3 33. Kxf3 Rc8 34.
h5 Rc3+ 35. Kg2 d3 36. h6 d2 37. h7 Rc1 38. Rd1 Rd8 39. Rb7 1-0

[Event "I Torneo de Ajedrez La Salle"]
[Site "Zaragoza ESP"]
[Date "2005.12.02"]
[Round "8.4"]
[White "Pellicer Coloma, Pedro"]
[Black "Gavin Roche, Enrique"]
[Result "0-1"]
[WhiteElo "2054"]
[BlackElo "2219"]
[PlyCount "60"]
[EventDate "2005.10.08"]
[EventType "swiss"]
[EventRounds "9"]
[EventCountry "ESP"]
[Source "lmi"]
[SourceDate "2005.12.17"]

1. d4 d5 2. e3 e6 3. Bd3 c5 4. c3 Nf6 5. f4 Bd6 6. Nf3 O-O 7. O-O b6 8. Qe2 a5
9. a4 Ba6 10. Bxa6 Nxa6 11. b3 Ne4 12. Ne5 f6 13. Nd3 Qe7 14. Bb2 Rfc8 15. Rc1
c4 16. bxc4 Rxc4 17. Ba3 Nc7 18. Nb2 Rc6 19. c4 Rc8 20. Bxd6 Nxd6 21. Nd2 Na6
22. e4 dxc4 23. Nbxc4 Qc7 24. Rc3 Nxc4 25. Rac1 Qxf4 26. g3 Qg5 27. Nxc4 Nb4
28. h4 Qg6 29. Kh2 h5 30. Rg1 Qg4 0-1

[Event "I Torneo de Ajedrez La Salle"]
[Site "Zaragoza ESP"]
[Date "2005.12.02"]
[Round "8.5"]
[White "Gomez Luesia, Jesus"]
[Black "Moreno Gracia, Daniel"]
[Result "1-0"]
[WhiteElo "2196"]
[BlackElo "2045"]
[PlyCount "83"]
[EventDate "2005.10.08"]
[EventType "swiss"]
[EventRounds "9"]
[EventCountry "ESP"]
[Source "lmi"]
[SourceDate "2005.12.17"]

1. d4 d5 2. e3 Nf6 3. Bd3 e6 4. Nd2 Bd6 5. f4 c5 6. c3 O-O 7. Nh3 b6 8. Qe2 Bb7
9. O-O Ne4 10. Qh5 Nd7 11. Ng5 Ndf6 12. Qf3 Nxd2 13. Bxd2 h6 14. Nh3 Ne4 15.
Be1 f5 16. Kh1 Kh7 17. Rg1 Qe7 18. g4 g6 19. Rc1 Rac8 20. Rc2 a6 21. Rcg2 Rg8
22. Nf2 b5 23. Be2 Bc6 24. Nd3 c4 25. Nf2 Be8 26. Qh3 Qg7 27. Bf3 Be7 28. gxf5
exf5 29. Nxe4 dxe4 30. Bxe4 Bd7 31. Bd5 Rgf8 32. Qh5 Be8 33. e4 Qf6 34. Qh3 Qd6
35. Bb7 Rc7 36. e5 Qb6 37. Bf3 Bf7 38. Bh4 Bxh4 39. Qxh4 b4 40. d5 Qb8 41. e6
Be8 42. d6 1-0

[Event "I Torneo de Ajedrez La Salle"]
[Site "Zaragoza ESP"]
[Date "2005.12.02"]
[Round "8.7"]
[White "Cerrajeria Ruiz, Jesus Maria"]
[Black "Valiente Roy, Jose Javier"]
[Result "1-0"]
[WhiteElo "2159"]
[BlackElo "2046"]
[PlyCount "59"]
[EventDate "2005.10.08"]
[EventType "swiss"]
[EventRounds "9"]
[EventCountry "ESP"]
[Source "lmi"]
[SourceDate "2005.12.17"]

1. e4 d5 2. exd5 Qxd5 3. Nc3 Qd8 4. Bc4 c6 5. Nf3 Bf5 6. g4 Bg6 7. h4 h5 8. Ne5
Qd6 9. d4 Nd7 10. Bf4 Nxe5 11. dxe5 Qxd1+ 12. Rxd1 e6 13. Nb5 Bb4+ 14. c3 cxb5
15. Bxb5+ Kf8 16. cxb4 Be4 17. Rh3 hxg4 18. Rc3 Rxh4 19. Rd7 Rh1+ 20. Kd2 Nh6
21. Rcc7 Kg8 22. Bxh6 Rxh6 23. Rxf7 Rg6 24. Bc4 Rd8+ 25. Ke3 Bf5 26. Rxf5 g3
27. fxg3 Rxg3+ 28. Kf4 Rg1 29. Bxe6+ Kh7 30. Rh5+ 1-0

[Event "I Torneo de Ajedrez La Salle"]
[Site "Zaragoza ESP"]
[Date "2005.12.02"]
[Round "8.8"]
[White "Fernando Gros, Jorge"]
[Black "Sanchez Castro, Roberto"]
[Result "1-0"]
[WhiteElo "2061"]
[BlackElo "1917"]
[PlyCount "47"]
[EventDate "2005.10.08"]
[EventType "swiss"]
[EventRounds "9"]
[EventCountry "ESP"]
[Source "lmi"]
[SourceDate "2005.12.17"]

1. d4 Nf6 2. c4 d6 3. Nc3 c6 4. e4 Qa5 5. Bd3 e5 6. Nf3 Bg4 7. Be3 d5 8. cxd5
cxd5 9. Qb3 Bb4 10. Nxe5 Be6 11. O-O dxe4 12. Bb5+ Kf8 13. Bc4 Ke7 14. d5 Bxc3
15. Qxb7+ Nfd7 16. bxc3 Bf5 17. Bg5+ f6 18. d6+ Kxd6 19. Nf7+ Ke7 20. Bf4 Be6
21. Bxe6 Kxe6 22. Nxh8 Qd5 23. Qxd5+ Kxd5 24. Nf7 1-0

[Event "I Torneo de Ajedrez La Salle"]
[Site "Zaragoza ESP"]
[Date "2005.12.02"]
[Round "8.9"]
[White "Cebollada Pacheco, Jesus Raul"]
[Black "Palacios Latasa, Elias"]
[Result "1/2-1/2"]
[WhiteElo "2052"]
[BlackElo "2204"]
[PlyCount "80"]
[EventDate "2005.10.08"]
[EventType "swiss"]
[EventRounds "9"]
[EventCountry "ESP"]
[Source "lmi"]
[SourceDate "2005.12.17"]

1. e4 c5 2. Nf3 Nc6 3. d4 cxd4 4. Nxd4 g6 5. c4 Nf6 6. Nc3 Nxd4 7. Qxd4 d6 8.
Be3 Bg7 9. Be2 O-O 10. Qd2 a5 11. h3 a4 12. Rc1 Qa5 13. O-O Bd7 14. Bd3 Rfd8
15. f4 e6 16. Qf2 Rdc8 17. e5 Ne8 18. Bd4 Ra6 19. Ne4 Rac6 20. exd6 Bxd4 21.
Qxd4 f5 22. Nf6+ Nxf6 23. Qxf6 Rxd6 24. Qc3 Qc5+ 25. Kh2 Bc6 26. Be2 Rcd8 27.
Rcd1 Kf7 28. b4 axb3 29. axb3 Rxd1 30. Rxd1 Rxd1 31. Bxd1 Qd6 32. Qc1 g5 33.
Bh5+ Ke7 34. Qc3 Qxf4+ 35. Kg1 e5 36. Qb4+ Kd7 37. Qf8 Kc7 38. Qe7+ Kb6 39.
Qb4+ Kc7 40. Qe7+ Kb6 1/2-1/2

[Event "I Torneo de Ajedrez La Salle"]
[Site "Zaragoza ESP"]
[Date "2005.12.02"]
[Round "8.10"]
[White "Gutierrez Miguenza, Ruben"]
[Black "Navarro Alonso, Jorge Luis"]
[Result "1/2-1/2"]
[WhiteElo "2118"]
[BlackElo "2136"]
[PlyCount "59"]
[EventDate "2005.10.08"]
[EventType "swiss"]
[EventRounds "9"]
[EventCountry "ESP"]
[Source "lmi"]
[SourceDate "2005.12.17"]

1. c4 e5 2. g3 Nc6 3. Bg2 f5 4. Nc3 Nf6 5. e3 g6 6. d4 e4 7. Nge2 Bg7 8. Nf4
O-O 9. a3 d6 10. b4 Bd7 11. h4 Ne7 12. Qb3 c6 13. Bb2 Qe8 14. c5+ d5 15. a4 Qf7
16. Bf1 h6 17. Be2 Be8 18. b5 g5 19. hxg5 hxg5 20. Nh3 Qg6 21. bxc6 bxc6 22.
Qb7 Bd7 23. O-O-O a5 24. f4 exf3 25. Bxf3 Rfc8 26. Nf2 Rab8 27. Qa7 Ra8 28. Qb7
Rab8 29. Qa7 Ra8 30. Qb7 1/2-1/2

[Event "I Torneo de Ajedrez La Salle"]
[Site "Zaragoza ESP"]
[Date "2005.12.16"]
[Round "9.1"]
[White "Roche Simon, Manuel A"]
[Black "Ramiro Ovejero, Juan Luis"]
[Result "0-1"]
[WhiteElo "2206"]
[BlackElo "2332"]
[PlyCount "41"]
[EventDate "2005.10.08"]
[EventType "swiss"]
[EventRounds "9"]
[EventCountry "ESP"]
[Source "lmi"]
[SourceDate "2005.12.17"]

1. e4 d6 2. d4 Nf6 3. Nc3 Nbd7 4. Nf3 e5 5. Bc4 Be7 6. dxe5 Nxe5 7. Be2 O-O 8.
O-O Re8 9. Re1 Bf8 10. b3 c6 11. a4 Ng6 12. Qd4 Qb6 13. Qxb6 axb6 14. Bd3 b5
15. Bg5 b4 16. Na2 c5 17. c3 Be6 18. Be2 d5 19. exd5 Nxd5 20. c4 Ndf4 21. Bd3
0-1

[Event "I Torneo de Ajedrez La Salle"]
[Site "Zaragoza ESP"]
[Date "2005.12.16"]
[Round "9.2"]
[White "Lana Rodriguez, David"]
[Black "Gomez Anadon, Daniel"]
[Result "1-0"]
[WhiteElo "2037"]
[BlackElo "2288"]
[PlyCount "135"]
[EventDate "2005.10.08"]
[EventType "swiss"]
[EventRounds "9"]
[EventCountry "ESP"]
[Source "lmi"]
[SourceDate "2005.12.17"]

1. Nf3 d5 2. d4 Nf6 3. e3 Bf5 4. Bd3 e6 5. Bxf5 exf5 6. Qd3 Qc8 7. O-O Bd6 8.
Nbd2 c6 9. c4 O-O 10. Nb3 dxc4 11. Qxc4 Nbd7 12. Bd2 Nb6 13. Qd3 Ne4 14. Bc3
Re8 15. Nfd2 Qe6 16. Na5 Qh6 17. f4 Re7 18. Nac4 Nd5 19. Nxd6 Nxd6 20. Rf3 Rae8
21. Nf1 Qe6 22. b3 Qe4 23. Qd2 Qe6 24. Bb2 Qd7 25. Ba3 Ne4 26. Qc2 Re6 27. Re1
g6 28. Bc1 Qc7 29. a3 Qa5 30. b4 Qb5 31. Nd2 Nd6 32. Kf2 a5 33. bxa5 Qxa5 34.
Nc4 Ne4+ 35. Kf1 Qa6 36. Kg1 Nec3 37. Ne5 f6 38. Nd3 b6 39. Nb4 Nxb4 40. axb4
Nd5 41. Qb3 Kg7 42. Bd2 Ra8 43. Rb1 Qe2 44. Rf2 Qb5 45. Rff1 Qa4 46. Qd3 b5 47.
g4 fxg4 48. e4 Ne7 49. Bc3 Qa7 50. Ra1 Qb7 51. Rxa8 Qxa8 52. Ra1 Qd8 53. Ra7
Qb8 54. Ra1 Qxf4 55. Rf1 Qxe4 56. Qg3 Qe3+ 57. Qxe3 Rxe3 58. Rc1 Nd5 59. Bd2
Rd3 60. Be1 Rxd4 61. Rxc6 Nxb4 62. Rc7+ Kh6 63. Bf2 Rd1+ 64. Kg2 Nd5 65. Rb7 b4
66. Bc5 Rb1 67. Rb5 Nc3 68. Bf8# 1-0

[Event "I Torneo de Ajedrez La Salle"]
[Site "Zaragoza ESP"]
[Date "2005.12.16"]
[Round "9.3"]
[White "Gavin Roche, Enrique"]
[Black "Cerrajeria Ruiz, Jesus Maria"]
[Result "0-1"]
[WhiteElo "2219"]
[BlackElo "2159"]
[PlyCount "106"]
[EventDate "2005.10.08"]
[EventType "swiss"]
[EventRounds "9"]
[EventCountry "ESP"]
[Source "lmi"]
[SourceDate "2005.12.17"]

1. d4 Nf6 2. Nf3 c5 3. d5 b5 4. Bg5 Ne4 5. Qd3 Nxg5 6. Nxg5 e6 7. Nxf7 Kxf7 8.
dxe6+ Ke7 9. Qf3 d5 10. Qf7+ Kd6 11. Nc3 Qa5 12. e7 Bxe7 13. Qxd5+ Kc7 14.
O-O-O Rd8 15. Qe5+ Bd6 16. Rxd6 Rxd6 17. e3 Nd7 18. Nxb5+ Qxb5 19. Qxd6+ Kxd6
20. Bxb5 Ne5 21. Rd1+ Ke6 22. f4 Ng4 23. h3 Nf6 24. Bc6 Rb8 25. Rd8 Ke7 26. Rh8
Kd6 27. Bf3 Kc7 28. Rf8 Be6 29. Rxb8 Kxb8 30. e4 Kc7 31. g4 h6 32. Kd2 g5 33.
Ke3 Bxa2 34. b3 c4 35. e5 cxb3 36. cxb3 Nd7 37. Bd1 a5 38. fxg5 hxg5 39. Kd4
Nf8 40. Bc2 Kc6 41. Be4+ Kb5 42. Bd5 Kb4 43. e6 Ng6 44. Be4 Bxb3 45. Bxg6 Bxe6
46. Ke5 Bb3 47. Be8 Ba4 48. Bg6 Bb5 49. Bc2 Bc4 50. Kd4 Bb3 51. Bb1 a4 52. Kd3
a3 53. Kd4 Bf7 0-1

[Event "I Torneo de Ajedrez La Salle"]
[Site "Zaragoza ESP"]
[Date "2005.12.16"]
[Round "9.4"]
[White "Hernando Garcia, Antonio"]
[Black "Gomez Luesia, Jesus"]
[Result "1/2-1/2"]
[WhiteElo "2137"]
[BlackElo "2196"]
[PlyCount "64"]
[EventDate "2005.10.08"]
[EventType "swiss"]
[EventRounds "9"]
[EventCountry "ESP"]
[Source "lmi"]
[SourceDate "2005.12.17"]

1. c4 Nf6 2. Nf3 e6 3. Nc3 d5 4. cxd5 exd5 5. d4 c6 6. Bg5 Bd6 7. Qc2 g6 8. e3
Bf5 9. Bd3 Bxd3 10. Qxd3 Nbd7 11. O-O O-O 12. Rfc1 Qe7 13. Bxf6 Nxf6 14. Nd2
Rfe8 15. Nf1 Kg7 16. Rc2 a5 17. Re2 Nh5 18. Ng3 Nxg3 19. hxg3 f5 20. Rc2 h5 21.
Qd1 Qg5 22. Qf3 h4 23. gxh4 Qxh4 24. Rac1 Rh8 25. Kf1 Rae8 26. g3 Qh3+ 27. Ke2
Qh2 28. Kd3 Qh3 29. Ke2 Qh6 30. Rg1 Qg5 31. Rcc1 Rh2 32. Kd3 Reh8 1/2-1/2

[Event "I Torneo de Ajedrez La Salle"]
[Site "Zaragoza ESP"]
[Date "2005.12.16"]
[Round "9.5"]
[White "Cortes Lizano, Jesus"]
[Black "Fernando Gros, Jorge"]
[Result "0-1"]
[WhiteElo "2177"]
[BlackElo "2061"]
[PlyCount "52"]
[EventDate "2005.10.08"]
[EventType "swiss"]
[EventRounds "9"]
[EventCountry "ESP"]
[Source "lmi"]
[SourceDate "2005.12.17"]

1. c4 e5 2. g3 Nf6 3. Bg2 c6 4. Nf3 e4 5. Nd4 d5 6. cxd5 Qxd5 7. Nc2 Qh5 8. Ne3
Bh3 9. Qb3 Bxg2 10. Nxg2 Qh3 11. Ne3 b6 12. d3 Bc5 13. dxe4 Nxe4 14. Nd2 Nf6
15. Nf3 O-O 16. Ng5 Qd7 17. h4 Na6 18. Bd2 Nc7 19. Rd1 Ncd5 20. Qc2 Bxe3 21.
fxe3 Qg4 22. Kf2 h6 23. e4 hxg5 24. exd5 Ne4+ 25. Ke3 Rfe8 26. Kd3 Rad8 0-1

[Event "I Torneo de Ajedrez La Salle"]
[Site "Zaragoza ESP"]
[Date "2005.12.16"]
[Round "9.6"]
[White "Villuendas Valero, Adrian"]
[Black "Gutierrez Miguenza, Ruben"]
[Result "1-0"]
[WhiteElo "2154"]
[BlackElo "2118"]
[PlyCount "70"]
[EventDate "2005.10.08"]
[EventType "swiss"]
[EventRounds "9"]
[EventCountry "ESP"]
[Source "lmi"]
[SourceDate "2005.12.17"]

1. e4 c5 2. Nf3 Nc6 3. d4 cxd4 4. Nxd4 d5 5. exd5 Qxd5 6. Be3 e6 7. Nc3 Bb4 8.
Ndb5 Qe5 9. a3 Be7 10. Qd2 a6 11. f4 Qb8 12. Nd4 Nf6 13. O-O-O O-O 14. Bd3 Bd7
15. Qe2 Nxd4 16. Bxd4 Qxf4+ 17. Kb1 Bc6 18. Rhf1 Qc7 19. g4 Rad8 20. g5 Nd5 21.
Bxh7+ Kxh7 22. Qh5+ Kg8 23. Bxg7 Kxg7 24. Qh6+ Kg8 25. Nxd5 Bxd5 26. g6 Qxc2+
27. Kxc2 Be4+ 28. Kb3 fxg6 29. Rg1 Rf6 30. Rxd8+ Bxd8 31. Rd1 Bd5+ 32. Rxd5
exd5 33. Qh3 Kf7 34. Qd7+ Be7 35. Qxd5+ Ke8 1-0

[Event "I Torneo de Ajedrez La Salle"]
[Site "Zaragoza ESP"]
[Date "2005.12.16"]
[Round "9.7"]
[White "Palacios Latasa, Elias"]
[Black "Forcen Esteban, Daniel"]
[Result "0-1"]
[WhiteElo "2204"]
[BlackElo "1961"]
[PlyCount "84"]
[EventDate "2005.10.08"]
[EventType "swiss"]
[EventRounds "9"]
[EventCountry "ESP"]
[Source "lmi"]
[SourceDate "2005.12.17"]

1. e4 c5 2. Nf3 d6 3. d4 cxd4 4. Nxd4 Nf6 5. Nc3 a6 6. Bc4 e6 7. Bb3 Nbd7 8. f4
Nc5 9. O-O Qc7 10. Qe2 g6 11. e5 dxe5 12. fxe5 Nfd7 13. Bf4 Bg7 14. Rae1 b5 15.
Ncxb5 axb5 16. Nxb5 Qb6 17. Nd6+ Ke7 18. Kh1 Nxb3 19. axb3 Rf8 20. Bg5+ f6 21.
exf6+ Nxf6 22. Ne4 Ra5 23. b4 Qxb4 24. Bd2 Qxe4 25. Qxe4 Nxe4 26. Bb4+ Ke8 27.
Bxf8 Bxf8 28. Rxe4 Ra2 29. Rb1 Bd6 30. Rc4 Bb7 31. b4 Kd7 32. Kg1 Ra4 33. Kf2
Bd5 34. Rh4 h5 35. Rd4 Bc5 36. Ke3 Bxd4+ 37. Kxd4 Bxg2 38. c4 Kd6 39. c5+ Kc6
40. Ke5 Bd5 41. Kf6 Kb5 42. Kxg6 Be4+ 0-1

[Event "I Torneo de Ajedrez La Salle"]
[Site "Zaragoza ESP"]
[Date "2005.12.16"]
[Round "9.8"]
[White "Laliena Solares, Luis"]
[Black "Labena Bernal, Antonio"]
[Result "1-0"]
[WhiteElo "2149"]
[BlackElo "1942"]
[PlyCount "93"]
[EventDate "2005.10.08"]
[EventType "swiss"]
[EventRounds "9"]
[EventCountry "ESP"]
[Source "lmi"]
[SourceDate "2005.12.17"]

1. d4 d5 2. Nf3 Nf6 3. Bf4 Nh5 4. Bg3 Nxg3 5. hxg3 Bf5 6. e3 c6 7. Bd3 Bxd3 8.
Qxd3 h6 9. Nbd2 Nd7 10. O-O-O e6 11. e4 Be7 12. Kb1 Qc7 13. c4 dxe4 14. Nxe4
O-O-O 15. Qe2 Kb8 16. Nc3 Nf6 17. Ne5 Bb4 18. Ne4 Nxe4 19. Qxe4 Bd6 20. f4 Rde8
21. Rd3 f5 22. Qe2 Bxe5 23. dxe5 Rd8 24. Rhd1 Rxd3 25. Qxd3 Kc8 26. Qd6 Re8 27.
c5 Qe7 28. b4 g5 29. a4 a6 30. Rd3 g4 31. Kc2 h5 32. Kc3 Qxd6 33. cxd6 Kd7 34.
Kc4 b6 35. Ra3 c5 36. Ra1 Rc8 37. Rh1 cxb4+ 38. Kxb4 Rc2 39. Rxh5 Rxg2 40. Rh7+
Kd8 41. Rh6 Rxg3 42. Rxe6 Rf3 43. Rg6 Rxf4+ 44. Kc3 Re4 45. e6 Kc8 46. Rg8+ Kb7
47. d7 1-0

[Event "I Torneo de Ajedrez La Salle"]
[Site "Zaragoza ESP"]
[Date "2005.12.16"]
[Round "9.10"]
[White "Sanz Lopez, Ruben"]
[Black "Pellicer Coloma, Pedro"]
[Result "0-1"]
[WhiteElo "1941"]
[BlackElo "2054"]
[PlyCount "60"]
[EventDate "2005.10.08"]
[EventType "swiss"]
[EventRounds "9"]
[EventCountry "ESP"]
[Source "lmi"]
[SourceDate "2005.12.17"]

1. d4 d5 2. c4 e6 3. Nd2 f5 4. g3 Nf6 5. Bg2 c6 6. Nh3 Bd6 7. O-O O-O 8. Qc2
Nbd7 9. Nf3 Ne4 10. Bf4 Be7 11. Ne5 Nd6 12. cxd5 exd5 13. Nd3 Nf7 14. Rac1 Bf6
15. Be3 g5 16. Rfd1 Kh8 17. Nc5 Nb6 18. b3 Rg8 19. Kh1 Nh6 20. f3 Qe8 21. Qd2
Qh5 22. Bf2 f4 23. g4 Nxg4 24. fxg4 Bxg4 25. Nxf4 gxf4 26. Qxf4 Raf8 27. Bf3
Be7 28. Bxg4 Rxg4 29. Qe3 Bd6 30. h3 Rxf2 0-1